The rise and progress of the south american republics. By George W. Crichfield. In two volumes

שמור ב:
מידע ביבליוגרפי
מחבר ראשי: Crichfield, George W (Author)
פורמט: ספר
שפה:אנגלית
יצא לאור: Londres T. Fisher Unwin, Adelphi Terrace 1909
מהדורה:1a. ed
נושאים:
תגים: הוספת תג
אין תגיות, היה/י הראשונ/ה לתייג את הרשומה!

MARC

LEADER 00000nam a2200000 a 4500
001 UCJ6620
003 CL-VaPUC
008 070124e19090000UK |||||||||||||||||eng|d
082 0 4 |a 910.4  |b CRI  |2 21 
100 0 |a Crichfield, George W  |e author  |9 513588 
245 1 4 |a The rise and progress of the south american republics. By George W. Crichfield. In two volumes 
250 |a 1a. ed 
300 |a 2 v 
942 |c BK 
945 |d 20070124 00:00:00  |a rinostro 
260 |a Londres  |b T. Fisher Unwin, Adelphi Terrace  |c 1909 
500 |a En biblioteca Budge, sólo vol. I 
650 0 |a Geografía  |9 259346 
650 0 |a Historia  |9 255047 
650 0 |a Población  |9 257577 
650 0 |a Recursos naturales  |9 255232 
650 0 |a Colonización española  |9 256592 
650 7 |a REVOLUCION DE LA INDEPENDENCIA  |2 CL-VaPUC  |9 316035 
650 7 |a GUERRAS CIVILES  |2 CL-VaPUC  |9 361938 
650 0 |a Dictadores   |9 257742 
650 7 |a INSTITUCIONES  |2 CL-VaPUC  |9 329701 
651 0 |a América Latina   |9 255027 
583 |a last modification  |c 20070124 00:00:00  |k Rodrigo Vera 
999 |c 322722  |d 322720 
952 |0 0  |1 0  |4 0  |6 910_400000000000000_CRI_1909  |7 0  |8 X  |9 401785  |a FDOBUD  |b FDOBUD  |d 2019-11-22  |h v.1  |i 1050508  |o 910.4 CRI 1909  |p 1050508  |r 2019-11-22  |w 2019-11-22  |y BK_X  |k BUD